书目信息 |
| 题名: |
岩体温度法隧道施工掌子面前方涌水预报
|
|
| 作者: | 何发亮 , 郭如军 , 李苍松 著 | |
| 分册: | ||
| 出版信息: | 成都 西南交通大学出版社 2009.04 |
|
| 页数: | 127页 | |
| 开本: | 21cm | |
| 丛书名: | ||
| 单 册: | ||
| 中图分类: | U456.3 | |
| 科图分类: | ||
| 主题词: | 隧道工程--sui dao gong cheng--工程施工--涌水--预报 | |
| 电子资源: | ||
| ISBN: | 978-7-5643-0211-5 | |
| 000 | 01405nam0 2200289 450 | |
| 001 | 012011866990 | |
| 005 | 20110103153405.46 | |
| 010 | @a978-7-5643-0211-5@dCNY18.00 | |
| 100 | @a20110103d2009 em y0chiy0120 ea | |
| 101 | 0 | @achi |
| 102 | @aCN@b510000 | |
| 105 | @aa a 000yy | |
| 106 | @ar | |
| 200 | 1 | @a岩体温度法隧道施工掌子面前方涌水预报@Ayan ti wen du fa sui dao shi gong zhang zi mian qian fang yong shui yu bao@f何发亮 ... [等] 著@Fhe fa liang...[deng]zhu |
| 210 | @a成都@c西南交通大学出版社@d2009.04 | |
| 215 | @a127页@c图@d21cm | |
| 300 | @a国家自然科学基金委员会、二滩水电开发有限责任公司雅砻江水电开发联合研究基金项目(项目批准号5039080)资助 国家高技术发展计划(863计划)项目(项目批准号2007AA11Z131)资助 国家“十一五”科技支撑计划(2006BAB04A06)资助 | |
| 304 | @a题名页题: 何发亮, 郭如军, 李苍松, 丁建芳著 | |
| 320 | @a有书目 (第122-127页) | |
| 330 | @a本书是中铁西南科学研究院有限公司岩体温度法隧道(洞)施工掌子面前方含水体预报研究课题组全体同事历经4年的研究成果。内容包括:隧道(洞)施工掌子面前方含水体、隧道(洞)内岩体温度测试影响因素研究、隧道(洞)内岩体温度测试钻孔深度试验研究等11章。 | |
| 606 | 0 | @a隧道工程@Asui dao gong cheng@x工程施工@x涌水@x预报 |
| 690 | @aU456.3@v4 | |
| 701 | 0 | @a何发亮@Ahe fa liang@4著 |
| 701 | 0 | @a郭如军@Aguo ru jun@4著 |
| 701 | 0 | @a李苍松@Ali cang song@4著 |
| 801 | 0 | @aCN@bQSSK@c20110103 |
| 905 | @b791143-45@dU456.3@eH173@f3 | |
| 岩体温度法隧道施工掌子面前方涌水预报/何发亮 ... [等] 著.-成都:西南交通大学出版社,2009.04 |
| 127页:图;21cm |
| 国家自然科学基金委员会、二滩水电开发有限责任公司雅砻江水电开发联合研究基金项目(项目批准号5039080)资助 国家高技术发展计划(863计划)项目(项目批准号2007AA11Z131)资助 国家“十一五”科技支撑计划(2006BAB04A06)资助 |
| ISBN 978-7-5643-0211-5:CNY18.00 |
| 本书是中铁西南科学研究院有限公司岩体温度法隧道(洞)施工掌子面前方含水体预报研究课题组全体同事历经4年的研究成果。内容包括:隧道(洞)施工掌子面前方含水体、隧道(洞)内岩体温度测试影响因素研究、隧道(洞)内岩体温度测试钻孔深度试验研究等11章。 |
| ● |
| 相关链接 |
|
|
|
正题名:岩体温度法隧道施工掌子面前方涌水预报
索取号:U456.3/H173
 
预约/预借
| 序号 | 登录号 | 条形码 | 馆藏地/架位号 | 状态 | 备注 |
| 1 | 791143 | 207911438 | 土木与交通工程学院资料室/土木与交通学院资料室 1排1列1层/ [索取号:U456.3/H173] | 在馆 | |
| 2 | 791144 | 207911447 | 土木与交通工程学院资料室/土木与交通学院资料室 1排1列1层/ [索取号:U456.3/H173] | 在馆 | |
| 3 | 791145 | 207911456 | 自科库501/501自科库 85排1列2层/ [索取号:U456.3/H173] | 在馆 |